000 00208 a2200109 4500
020 _a9780062238863
041 _aspa
100 _aKyle, Chris
245 _aAmerican sniper
942 _cBK
999 _c29999
_d29997
999 _d29997